India-ASEAN Trade and Economic Relations

Bibliographic Details
Main Author: Sarin, Vishal (Author)
Format: Book
Language:English
Published: New Delhi: New Century Publicationsns, 2016.
Subjects:
LEADER 00979cam a2200265 7i4500
001 0000033909
005 20170113090000.0
007 ##ta
008 170113s2016 xx b 001 0 eng d
020 # # |a 9788177084214  
040 # # |a StDuBDS 
090 0 0 |a ASIA 337.54059   |b SAR 
100 1 # |a Sarin, Vishal   |e author  
245 1 0 |a India-ASEAN Trade and Economic Relations   |c Vishal Sarin. 
264 # 1 |a New Delhi:   |b New Century Publicationsns,   |c 2016. 
300 # # |a xiii, 173 pages;   |c 23 cm. 
336 # # |a text  |2 rdacontent 
337 # # |a unmediated  |2 rdamedia 
338 # # |a volume  |2 rdacarrier 
504 # # |a Includes bibliographical references (pages 159-168) and index 
651 # 0 |a India --   |x Commerce --   |z Southeast Asia  
651 # 0 |a Southeast Asia --   |x Commerce --   |z India  
651 # 0 |a India --   |x Foreign economic relations --   |z Southeast Asia  
651 # 0 |a Southeast Asia --   |x Foreign economic relations --   |z India  
999 |a B000038390  |b Book  |c Regions  |e Business Information Centre